مكتبة جامعة عجلون الوطنية

فهرس بحث المكتبة

Normal view MARC view
  • الاسرة في الاسلام- العلاقات الاسرية- المرأة في الاسلام- الاسلام- الولايات المتحدة الامريكية

Entry Topical Term

Number of records used in: 1

001 - CONTROL NUMBER

  • control field: 52314

003 - CONTROL NUMBER IDENTIFIER

  • control field: JO-AjAnu

005 - DATE AND TIME OF LATEST TRANSACTION

  • control field: 20230606082611.0

008 - FIXED-LENGTH DATA ELEMENTS

  • fixed length control field: 230606|| aca||aabn | a|a d

040 ## - CATALOGING SOURCE

  • Original cataloging agency: JO-AjAnu
  • Transcribing agency: JO-AjAnu

150 ## - HEADING--TOPICAL TERM

  • Topical term or geographic name entry element: الاسرة في الاسلام- العلاقات الاسرية- المرأة في الاسلام- الاسلام- الولايات المتحدة الامريكية

670 ## - SOURCE DATA FOUND

  • Source citation: Work cat.: (JO-AjAnu)26734: العلواني، زينب طه, author 52313, الأسرة في مقاصد الشريعة : قراءة في قضايا الزواج والطلاق في أمريكا